| 000 | 01064nam a22002415i 4500 | ||
|---|---|---|---|
| 001 | 167683 | ||
| 003 | ES-MaACL | ||
| 005 | 20250815062652.0 | ||
| 008 | 050929m18981910sp | |||||||| ||spa d | ||
| 040 |
_aCAM _bspa _cCAM |
||
| 100 | 1 |
_aVirgilii, Filippo. _9133791 |
|
| 245 | 1 | 0 |
_aManual de estadística / _cpor Filippo Virgilii; traducido de la segunda edición italiana con adiciones por Adolfo A. Buylla y G. Alegre. |
| 260 |
_aMadrid : _bLa España Moderna, _c[s.a.] ( _fEstablecimiento tipográfico de Idamor Moreno) |
||
| 300 |
_a204 p. ; _c22 cm. |
||
| 490 | 1 | _aBiblioteca de jurisprudencia, filosofía é historia | |
| 596 | _aEl prólogo a la 2ª ed. fechado en Siena en 1898. | ||
| 597 | _aLas pag. 193 a 204 corresponden al catálogo de libros de la editorial. | ||
| 650 | 0 | 4 |
_aEstadística. _912520 |
| 700 | 1 |
_aBuylla y González Alegre, Adolfo A., _d1850-1927 _932991 |
|
| 830 | 0 | 0 |
_aBiblioteca de jurisprudencia, filosofía e historia _9180691 |
| 852 |
_aES-MaACL _jB-12433 _z-- Enc. hol. conservando la cub. original |
||
| 999 |
_c167683 _d167683 |
||